00257pam a2200109 a 4500020000500000041000500005082000600010100002500016245003900041260005900080300000800139 c h a- aMEREDITH (M)eauthor aNelson Mandela hTextual Document bPenguin Books India Pvt. Ltd. New Delhi , Londonc1997 a596